Plots, transformations, and regression : an introduction to graphical methods of diagnostic regression analysis /
Guardado en:
| Autor Principal: | |
|---|---|
| Formato: | Libro |
| Idioma: | English |
| Publicado: |
Oxford :
Clarendon Press,
1985.
|
| Series: | Oxford statistical science series ;
[1] Oxford science publications |
| Materias: | |
| Acceso en línea: | Publisher description |
| Etiquetas: |
Agregar Etiqueta
Sin Etiquetas, Sea el primero en etiquetar este registro!
|
| LEADER | 01385cam a2200241 a 4500 | ||
|---|---|---|---|
| 001 | MAT.inmabb004970 | ||
| 008 | 850313s1985####enka#####b####001#0#eng## | ||
| 005 | 20130320082213.0 | ||
| 245 | 1 | 0 | |a Plots, transformations, and regression : |b an introduction to graphical methods of diagnostic regression analysis / |c A. C. Atkinson. |
| 260 | |a Oxford : |b Clarendon Press, |c 1985. | ||
| 300 | |a xi, 282 p. : |b il. ; |c 25 cm. | ||
| 440 | 0 | |a Oxford statistical science series ; |v [1] | |
| 440 | 0 | |a Oxford science publications | |
| 504 | |a Incluye referencias bibliográficas (p. [273]-278) e índices. | ||
| 505 | 0 | |a 1. Introduction -- 2. The Algebra of Deletion -- 3. Diagnostic Quantities -- 4. The Presentation of Results -- 5. Diagnostic Plots for Explanatory Variables -- 6. Transformations and Constructed Variables -- 7. Transformations for Percentages and Proportions -- 8. Other Constructed Variables -- 9. The Power Transformation with Shifted Location -- 10. Further Diagnostic Quantities -- 11. Goodness of Link Tests -- 12. Further Problems, Other Analyses. | |
| 020 | |a 0198533594 | ||
| 100 | 1 | |a Atkinson, A. C. |q (Anthony Curtis) | |
| 650 | 0 | |a Regression analysis. | |
| 084 | |a 62Jxx |2 msc2000 | ||
| 010 | |a 85005140 | ||
| 040 | |a DLC |c DLC |d DLC | ||
| 856 | 4 | 2 | |3 Publisher description |u http://www.loc.gov/catdir/enhancements/fy0635/85005140-d.html |
| 859 | |h 62 |i At875 |p A-6296 |b BIB. MATEMATICA | ||
